| 000 | 00683nam a22002297a 4500 | ||
|---|---|---|---|
| 001 | 20 | ||
| 003 | FISKH | ||
| 005 | 20251212100737.0 | ||
| 008 | 230109b |||||||| |||| 00| 0 eng d | ||
| 040 |
_aFISKH _beng _cFISKH |
||
| 041 | 0 | 1 |
_a-cam _geng |
| 050 | _aPL | ||
| 100 |
_aAesop _dapproximately 620-554 BCE |
||
| 240 |
_aរឿងនិទានសម្រាប់កុមារតូចៗ _l-cam |
||
| 245 | _aសត្វកណ្តូប និង សត្វសមោច | ||
| 246 | _aThe grasshoper and ants | ||
| 260 |
_aPhnom Penh _bNida Printing House _c2012 |
||
| 300 |
_a16 p. _bill. _c21 cm. |
||
| 521 |
_a500 _bFISKH |
||
| 521 |
_a H _bRaz-Plus |
||
| 942 |
_2lcc _cKHB _n0 |
||
| 999 |
_c20 _d20 |
||